Quels sont les surnoms des équipes à la CAN 2025 ? - Statistiques

Statistiques générales
  • Ce quiz a été pris 101 fois
  • Le résultat moyen est 9 sur 24
Statistiques - réponses
Groupe Réponse Surnom % Correct
Groupe E Algérie les Fennecs
88%
Groupe F Côte d'Ivoire les Éléphants
84%
Groupe A Maroc les Lions de l'Atlas
80%
Groupe A Mali les Aigles
73%
Groupe D Sénégal les Lions de la Teranga
70%
Groupe B Egypte les Pharaons
66%
Groupe F Cameroun les Lions indomptables
55%
Groupe C Tunisie les Aigles de Carthage
46%
Groupe B Afrique du Sud les Bafana Bafana
45%
Groupe C Nigéria les Super Eagles
44%
Groupe D RD Congo les Léopards
41%
Groupe F Gabon les Panthères
32%
Groupe D Bénin les Guépards
28%
Groupe E Burkina Faso les Étalons
22%
Groupe D Botswana les Zèbres
18%
Groupe B Angola les Antilopes Noires
17%
Groupe E Soudan les Faucons de Jediane
12%
Groupe A Comores les Cœlacanthes
11%
Groupe B Zimbabwe les Guerriers
7%
Groupe A Zambie les Chipolopolos
6%
Groupe C Ouganda les Grues
6%
Groupe C Tanzanie les Taifa Stars
6%
Groupe F Mozambique les Mambas
4%
Groupe E Guinée-équatoriale Nzalang Nacional
2%
Aucun quiz correspondant
Distribution des résultats
% des personnes avec chaque résultat
Percentile par nombre de réponses
Votre historique - résultats
Vous n’avez pas pris ce quiz